000 01238nam0a22002891 4500
001 rc\3635592
005 20260412042421.0
021 _aRU
_b74-ОЭ-243/23
021 _aRU
_bРг12397-74
035 _a(NLR Aleph) 007725890
090 _a7002336
_c7002336
100 _a20130115d1973 |||y0rusy50 ca
101 0 _arus
102 _aRU
105 _ay z |||||
200 1 _aМетодические рекомендации по определению информационных характеристик территории
_fОтв. исполнители: к. т. н. П. Братухин, В. Смирнов
_gГос. ком. Совета Министров СССР по науке и технике. Всесоюз. науч.-исслед. ин-т проблем организации и упр.
210 _aМосква
_cБ. и.
_d1973
215 _a15 л.
_d30
320 _aБиблиогр.: с. 15
702 1 _aБратухин
_bП.
_4570
702 1 _aСмирнов
_bВ.
_4570
712 0 2 _aВНИИ проблем организации и управления
_3RU\NLR\AUTH\889947373
_9390388
801 0 _aRU
_bNLR
_gpsbo
801 1 _aRU
_bELAR
_2rusmarc
852 _aNLR
_j74-8/904
942 _cBOOK
980 _aNB